Hoàn thiện quy trình xuất khẩu thang leo của Công ty Trách nhiệm hữu hạn Werner Việt Nam
Chuyên ngành: Ngoại thương; Không ý kiến về việc số hóa, sao chép tài liệu; Khóa luận trình bày: Cơ sở lý luận chung về đầu tư nước ngoài và hoạt động xuất khẩu; thực trạng xuất khẩu tại Công ty TNHH Werner Việt Nam; một số giải pháp...
Spremljeno u:
| Glavni autor: | |
|---|---|
| Daljnji autori: | |
| Format: | Knjiga |
| Jezik: | Undetermined |
| Izdano: |
Bình Dương
2016
|
| Teme: | |
| Online pristup: | http://lrc.tdmu.edu.vn/opac/search/detail.asp?aID=2&ID=29122 |
| Oznake: |
Dodaj oznaku
Bez oznaka, Budi prvi tko označuje ovaj zapis!
|
| Thư viện lưu trữ: | Trung tâm Học liệu Trường Đại học Thủ Dầu Một |
|---|
| LEADER | 01444nam a2200193Ia 4500 | ||
|---|---|---|---|
| 001 | TDMU_29122 | ||
| 008 | 210410s9999 xx 000 0 und d | ||
| 082 | |a 526.3 | ||
| 090 | |b H531 | ||
| 100 | |a Huỳnh, Cẩm Hằng | ||
| 245 | 0 | |a Hoàn thiện quy trình xuất khẩu thang leo của Công ty Trách nhiệm hữu hạn Werner Việt Nam | |
| 260 | |a Bình Dương | ||
| 260 | |c 2016 | ||
| 300 | |a 72 tr + Phụ lục | ||
| 520 | |a Chuyên ngành: Ngoại thương; Không ý kiến về việc số hóa, sao chép tài liệu; Khóa luận trình bày: Cơ sở lý luận chung về đầu tư nước ngoài và hoạt động xuất khẩu; thực trạng xuất khẩu tại Công ty TNHH Werner Việt Nam; một số giải pháp nâng cao hiệu quả xuất khẩu cho Công ty TNHH Werner Việt Nam ; TM tài liệu tham khảo tr. 72; Khóa luận tốt nghiệp Đại học trường Đại học Thủ Dầu Một, 2012 - 2016 | ||
| 650 | |a Quản trị kinh doanh |x Mậu dịch |x Xuất khẩu |x Thang leo |x Quy trình; Ngoại thương |x Xuất khẩu |x Thang leo |x Quy trình; Khóa luận | ||
| 700 | |a Trường Đại học Thủ Dầu Một | ||
| 856 | |u http://lrc.tdmu.edu.vn/opac/search/detail.asp?aID=2&ID=29122 | ||
| 980 | |a Trung tâm Học liệu Trường Đại học Thủ Dầu Một | ||